Statistics for Country by Footballer

Click here to take the quiz!

General Stats

  • This quiz has been taken 39 times
  • The average score is 44 of 50

Answer Stats

HintAnswer% Correct
Lionel MessiArgentina
100%
Romelu LukakuBelgium
100%
NeymarBrazil
100%
Kylian MbappeFrance
100%
Giorgio ChielliniItaly
100%
Erling HaalandNorway
100%
Robert LewandowskiPoland
100%
Cristiano RonaldoPortugal
100%
Gareth BaleWales
100%
Alexis SanchezChile
97%
Christian EriksenDenmark
97%
Mohamed SalahEgypt
97%
Raheem SterlingEngland
97%
Frenkie De JongNetherlands
97%
Thiago AlcantaraSpain
97%
Emile ForsbergSweden
97%
Oleksandr ZinchenkoUkraine
97%
Luis SuarezUruguay
97%
Riyad MahrezAlgeria
95%
Seamus ColemanIreland
95%
Marcel SabitzerAustria
92%
Joshua KimmichGermany
92%
Hakim ZiyechMorocco
92%
Artem DzyubaRussia
92%
Giovanni ReynaUnited States
92%
Luis MurielColombia
89%
Dusan TadicSerbia
89%
Ante RebicCroatia
86%
Hirving LozanoMexico
86%
Kieran TierneyScotland
86%
Sadio ManeSenegal
86%
Eiji KawashimaJapan
84%
Denis ZakariaSwitzerland
84%
Vladimir CoufalCzech Republic
81%
Jordan AyewGhana
81%
Victor OsimhenNigeria
81%
Paddy McNairNorthern Ireland
81%
Burak YilmazTurkey
81%
Keylor NavasCosta Rica
76%
Petr GulacsiHungary
76%
Milan SkriniarSlovakia
76%
Tom RogicAustralia
73%
Wilfried ZahaIvory Coast
73%
Salomon RondonVenezuela
73%
Miguel AlmironParaguay
70%
Vlad ChirichesRomania
70%
Sardar AzmounIran
65%
Leon BaileyJamaica
65%
Gianluca LapadulaPeru
65%
Wahbi KhazriTunisia
57%

Score Distribution

Percentile by Number Answered

Percent of People with Each Score

Your Score History

You have not taken this quiz